Statistiques concernant 5 montagnes les plus hautes par continent.

Cliquez ici pour prendre le quiz!

Statistiques générales

  • Ce quiz a été pris 52 fois
  • Le résultat moyen est 5 sur 30

Statistiques - réponses

ContinentHauteurMontagne% Correct
4806 mMont Blanc
96%
Asie8849 mEverest
89%
8611 mK2
77%
Europe5643 mElbrouz
40%
Amérique du Sud6962 mAconcagua
34%
Amérique du Nord6190 mDenali
28%
8516 mLhotse
26%
8485 mMakalu
21%
5199 mMont Kenya
19%
8556 mKangchenjunga
17%
5959 mMont Logan
11%
Afrique5892 mKilimandjaro (Kibo)
2%
5489 mMont Saint-Élie
2%
5193 mChkhara
0%
5204 mDykh-Taou
0%
6768 mHuascarán Sur
0%
5149 mKilimandjaro (Mawenzi)
0%
5156 mKochtan-Taou
0%
6770 mMercedario
0%
4121 mMont Bangeta
0%
4150 mMont Boising
0%
6792 mMonte Pissis
0%
4368 mMont Giluwe
0%
4104 mMont Kabangama
0%
4890 mMont Speke
0%
5109 mMont Stanley
0%
Océanie4509 mMont Wilhelm
0%
6879 mNevado Ojos Del Salado
0%
5675 mPic d’Orizaba
0%
5426 mPopocatepetl
0%

Distribution des résultats

Percentile par nombre de réponses

% des personnes avec chaque résultat

Votre développement - résultats

Vous n’avez pas pris ce quiz